| 000 | 00375nam a22001217a 4500 | ||
|---|---|---|---|
| 999 |
_c3432 _d3432 |
||
| 005 | 20201201144109.0 | ||
| 008 | 201201b ||||| |||| 00| 0 eng d | ||
| 020 | _a0582067936 | ||
| 040 | _cCML | ||
| 245 |
_aUnderstanding Business Case Studies for Decision Making. _cPowell J. |
||
| 260 |
_aUK _bLongman Group _c1992 |
||
| 942 |
_2ddc _cBK _e1st Edition _h658 _mPOW |
||